LEADER 00890nam0-22002651i-450- 001 990007460140403321 005 20050304140002.0 035 $a000746014 035 $aFED01000746014 035 $a(Aleph)000746014FED01 035 $a000746014 100 $a20030813d1966----km-y0itay50------ba 101 0 $aita 200 1 $aPiano di Coordinamento degli interventi pubblici nel Mezzogiorno$eapprovato dal CIR nella seduta del 1 agosto 1966$fComitato dei Ministri per il Mezzogiorno 210 $aRoma$cFailli$d1966 215 $a230 p.$d26 cm 610 0 $aMezzogiorno 710 02$aComitato interministeriale per la ricostruzione$0237224 801 0$aIT$bUNINA$gRICA$2UNIMARC 901 $aBK 912 $a990007460140403321 952 $aA-IT 0222$bIst. s.i.$fILFGE 959 $aILFGE 996 $aPiano di Coordinamento degli interventi pubblici nel Mezzogiorno$9679859 997 $aUNINA